000 00715nam a2200265Ia 4500
005 20260121170215.0
008 008 260114s9999 xx 000 0 eng d
020 _a9789811054815
037 _aEBOOK
040 _aCRL
040 _beng
040 _cCRL
041 _2eng
041 _aeng
084 _qCRL
100 _aChristopher Silver, Lénia Marques, Himasari Hanan, Indah Widiastuti
_91061089
245 0 _aProceedings of the 6th International Conference of Arte-Polis
260 _bSpringer
260 _bSpringer
260 _c2017
856 _uhttps://link.springer.com/openurl?genre=book&isbn=978-981-10-5481-5
942 _cEBOOK
999 _c1626818
_d1626818